Etnografa̕s burocrt̀icas Una nueva mirada a la construccin̤ del Estado en Colombia /

Detalles Bibliográficos
Autor principal: Jaramillo Sierra, Isabel C.
Otros Autores: Buchely Ibarra, Lina Fernanda
Formato: eBook
Lenguaje:español
Publicado: Bogot:̀ Universidad de Los Andes (Colombia), 2019
Materias:
Acceso en línea:Acceso restringido

MARC

LEADER 00000nam a22000007a 4500
005 20190906212851.0
007 cr|||| ||||
008 190906s2019 co |||||s|||| 00||0 spa d
020 |a 978-958-774826-0 
035 |a 24803 
040 |a vLex 
090 |c 9421  |d 9421 
100 1 |a Jaramillo Sierra, Isabel C. 
245 1 0 |a Etnografa̕s burocrt̀icas  |h [Recurso electrn̤ico] :  |b Una nueva mirada a la construccin̤ del Estado en Colombia /  |c Isabel C. Jaramillo Sierra, Lina Fernanda Buchely Ibarra 
256 |a Servicio en ln̕ea 
260 |a Bogot:̀  |b Universidad de Los Andes (Colombia),  |c 2019 
300 |a 1 recurso electrn̤ico 
500 |a Este libro recoge nueve capt̕ulos que reflexionan sobre las burocracias como materialidad del estado y su vn̕culo con debates tradicionales en la academia jurd̕ica: la definicin̤ del estado y el derecho, el significado de la justicia, la coherencia/ incoherencia normativa y la discrecionalidad de los operadores legales. Los diferentes textos se aproximan, desde el derecho y la antropologa̕, a la forma en que el estado aparece en la vida cotidiana de las personas a travš de funcionarios, documentos, casas, oficinas, tarjetas db̌ito, recursos y normas. El uso del mťodo etnogrf̀ico es particular y poderoso en las reflexiones legales, porque ilumina aquellos contextos y detalles que las abstracciones de las normas y la distancia de las regulaciones olvidan. En ese sentido, la etnografa̕ sirve como un “ancla” del derecho a la realidad. La idea es que la experiencia de publicacin̤ sea tambiň la oportunidad para la consolidacin̤ de una red de trabajo de la etnografa̕ en el campo legal. 
506 1 |a Disponible solo en los productos indicados  |d vLex Global  |d vLex Global (Academic Edition, excluding Law Schools)  |d vLex Global (U.S. Academic Edition, Law Schools)  |d vLex Global (U.S. Academic Edition, excluding Law Schools)  |d vLex Global (Academic Edition, Law Schools) 
650 0 4 |a Derecho Pb︢lico y Administrativo  |z Colombia 
700 1 |a Buchely Ibarra, Lina Fernanda 
740 0 |a vLex Libros (Servicio en ln̕ea) 
856 4 0 |u http://vlex.com/source/etnografias-burocraticas-una-nueva-mirada-a-la-construccion-del-estado-en-colombia-24803  |z Acceso restringido 
942 |c BOOK 
999 0 |a Public and Administrative Law